Tate McRae - Paroles HORSESHOE - Statistiques

Statistiques générales
  • Ce quiz a été pris 27 fois
  • Le résultat moyen est 285 sur 340
Statistiques - réponses
Hint Réponse % Correct
a
100%
(Ah)
100%
Refrain I
100%
go?
100%
go
100%
got
100%
Pré-refrain Got
100%
horseshoe
100%
I
100%
(I
100%
Mm
100%
mm
100%
my
100%
And
94%
neck
94%
'round
94%
boy
89%
chest
89%
he
89%
I'm
89%
I'm,
89%
like
89%
me
89%
Oh,
89%
(Oh)
89%
oh,
89%
psycho
89%
(Psycho)
89%
sadness
89%
So
89%
up
89%
what
89%
where
89%
Where
89%
you
89%
you,
89%
You
89%
all
83%
am
83%
Post-refrain Baby,
83%
Outro (Baby,
83%
But
83%
but
83%
by
83%
cry
83%
get
83%
it,
83%
it
83%
not
83%
of
83%
on
83%
people
83%
pop
83%
pretty
83%
should
83%
star
83%
to
83%
upset
83%
upset,
83%
when
83%
who
83%
won't
83%
Won't
83%
alone
78%
away
78%
can't
78%
close
78%
finally
78%
fucked
78%
girl,
78%
good?
78%
good?)
78%
house
78%
Just
78%
just
78%
know
78%
loves
78%
miss
78%
moon
78%
notice?
78%
notice?)
78%
saw
78%
that
78%
the
78%
Then
78%
tonight?
78%
your
78%
20 000
72%
angels
72%
another
72%
back
72%
burned
72%
down
72%
down,
72%
feelings
72%
head
72%
Lot
72%
needed
72%
promise
72%
said
72%
Saturday
72%
say?
72%
Sleeping
72%
smiling
72%
space
72%
stay
72%
still
72%
straight
72%
Such
72%
they
72%
We
72%
were
72%
with
72%
broke
67%
different
67%
focus
67%
focus)
67%
into
67%
lucky
67%
meant
67%
Monday
67%
moving
67%
one
67%
plane
67%
right
67%
want
67%
ways
67%
What's
67%
(What's
67%
wrote
67%
drank
61%
for
61%
girl's
61%
high
61%
only
61%
takes
61%
babe)
56%
spiraling
56%
through
56%
didn't
50%
Hit
50%
joint,
50%
yeah,
50%
Aucun quiz correspondant
Distribution des résultats
% des personnes avec chaque résultat
Percentile par nombre de réponses
Votre historique - résultats
Vous n’avez pas pris ce quiz